000
00260 a2200109 4500
001
51014
040
_c
Anchieta - Pituba
240
1
0
_a
Releitura dramática 2006
_l
245
1
0
_a
Releitura dramática 2006
650
4
_a
Línguas espanhola e portuguesa
942
_c
MX
999
_c
51014
_d
51014